000 00518nam a22001697a 4500
003 PILC
005 20150112093438.0
008 130226t xxu||||| |||| 00| 0 eng d
020 _a18161525230
050 _aHD 38
_b.W337 2001
082 _aMnSF 658.20
_bW34 2001
100 _aWatson, Tony J.
_917168
245 _aIn search of management :
_bculture, chaos, and control in managerial work /
_cTony J. Watson
260 _aLondon and New York
_bRoutledge
_c2001.
300 _a242 pages :
_c25 cm.
942 _2lcc
_cBK
999 _c14660
_d14660